OSMANLI TARİHİ 3 (Record no. 832711)
[ view plain ]
| 000 -LEADER | |
|---|---|
| sabit uzunluktaki kontrol alanı | 00248nam a2200097Ia 4500 |
| 001 - KONTROL NUMARASI | |
| kontrol alanı | 832711 |
| 005 - EN SON İŞLEMİN TARİH VE ZAMANI | |
| kontrol alanı | 20250826172400.0 |
| 008 - SABİT-UZUNLUKTA VERİ ÖĞELERİ--GENEL BİLGİ | |
| sabit uzunluktaki kontrol alanı | 250824s9999 xx 000 0 und d |
| 245 #0 - ESER / YAZAR | |
| ESER ADI | OSMANLI TARİHİ 3 |
| Yazar Adı | ZEHRA AYGÜL |
| 260 ## - YAYIN, DAĞITIM, VB. | |
| YAYIN EVİ | UĞURBÖCEĞİ YAYINLARI |
| Düşüm durumu | Kayıp durumu | Sınıflandırma Kaynağı veya raf şeması | Hasar Durumu | Ödünç verilmez | Ana kütüphane | Geçerli Kütüphane | Edinilen tarih | Toplam ödünç verme sayısı | Tam yer numarası | Barkod | İade tarihi | Son görüntüleme tarihi | Son ödünç verme tarihi | Fiyatın geçerli olmaya başladığı tarih | Koha materyal türü |
|---|---|---|---|---|---|---|---|---|---|---|---|---|---|---|---|
| Dewey Ondalık Sınıflama | ŞEHİT MUSTAFA ÇUHADAR ORTAOKULU | ŞEHİT MUSTAFA ÇUHADAR ORTAOKULU | 24.08.2025 | 2 | M2 | 1054452 | 20.12.2025 | 05.12.2025 | 05.12.2025 | 26.08.2025 | Books |